000 00429nam a2200193Ia 4500
008 210210b1837 xxu||||| |||| 00| 0 eng d
041 _aeng
082 _a940/41
100 _aCARLYLE (T)
245 _aFrench revolution Vol II
260 _aLondon
_bChapman & Hall
_c1837
440 _a2
650 _aVol
650 _arevolution
650 _aII
650 _aFrench
690 _aEuropean History
906 _a025111
999 _c150960
_d150960